000 01717nam a2200373 c 4500
999 _c100551
_d100551
003 BLK
005 20230801122139.0
008 180409b bul|||||r ||||||| ||bul||
010 _aKNG00105575000
040 _aBLK
041 _aBUL
_cBUL
080 _aИстория на музиката
_b78.03
_x(075.8)
_z78.03(075.8)
139 _aИстория на музиката
_bИ 95
245 1 0 _aИстория на музиката
_bУчебник за студентите от Бълг. държ. консерватория : Ч. 1 -
_cавт. на том Константин Константинович Розеншилд; прев. от рус. на том Иван Хлебаров.
_nЧ. 1
_pДо средата на ХVІІІ век
257 _aRUS
260 _aСофия
_bНаука и изкуство
_c1972 -
_fПлевен : Ал. Пъшев
300 _a516 с.
_bс ноти
_c22 см
380 _a7
500 _aОриг. загл. История зарубежной музыки.
650 4 _aМузика - история
_9249453
653 _aмузика
653 _aистория
653 _aучебници за ВУЗ
700 1 _aРозеншилд, Константин Константинович
_eавт. на том
_9308488
700 _aХлебаров, Иван Атанасов
_d1934-2015
_9375378
760 1 _d1973
_h516 с. : с ноти
_tЧ. 1 До средата на ХVІІІ век
852 _aЦб 65697
856 4 _qpdf
_i0.00
_ldisable
856 4 _qpdf
_i0.00
_ldisable
942 _cKNG
_n0
_01
_s1
944 _aCR
_c01.01.1999
_k30556
_lТеодора Пейчева-Дянкова
944 _aED
_c27.02.2014
999 _d100551